Response to “Methodological Sensitivities to Latent Class Analysis of Long-Term Criminal Trajectories”

This response to “Methodological Sensitivities to Latent Class Analysis of Long-Term Criminal Trajectories” is intended to make three key points: (1) the data sensitivities that are explored in that paper are examples of two generic data problems that transcend the specific methodology used to analy...

Ausführliche Beschreibung

Gespeichert in:  
Bibliographische Detailangaben
1. VerfasserIn: Nagin, Daniel 1948- (Verfasst von)
Medienart: Elektronisch Aufsatz
Sprache:Englisch
Veröffentlicht: 2004
In: Journal of quantitative criminology
Jahr: 2004, Band: 20, Heft: 1, Seiten: 27-35
Online-Zugang: Volltext (lizenzpflichtig)
Volltext (lizenzpflichtig)
Verfügbarkeit prüfen: HBZ Gateway

MARC

LEADER 00000caa a22000002c 4500
001 1764279506
003 DE-627
005 20260423092926.0
007 cr uuu---uuuuu
008 210725s2004 xx |||||o 00| ||eng c
024 7 |a 10.1023/B:JOQC.0000016697.85827.22  |2 doi 
035 |a (DE-627)1764279506 
035 |a (DE-599)KXP1764279506 
040 |a DE-627  |b ger  |c DE-627  |e rda 
041 |a eng 
084 |a 2,1  |2 ssgn 
100 1 |8 1\p  |a Nagin, Daniel  |d 1948-  |e VerfasserIn  |0 (DE-588)138505543  |0 (DE-627)603780695  |0 (DE-576)308775597  |4 aut 
109 |a Nagin, Daniel 1948-  |a Nagin, Daniel S. 1948- 
245 1 0 |a Response to “Methodological Sensitivities to Latent Class Analysis of Long-Term Criminal Trajectories” 
264 1 |c 2004 
336 |a Text  |b txt  |2 rdacontent 
337 |a Computermedien  |b c  |2 rdamedia 
338 |a Online-Ressource  |b cr  |2 rdacarrier 
520 |a This response to “Methodological Sensitivities to Latent Class Analysis of Long-Term Criminal Trajectories” is intended to make three key points: (1) the data sensitivities that are explored in that paper are examples of two generic data problems that transcend the specific methodology used to analyze longitudinal data, (2) while real sensitivities are identified, the overall stability of results is also noteworthy, and (3) the groups must be understood to be approximations. 
773 0 8 |i Enthalten in  |t Journal of quantitative criminology  |d New York, NY [u.a.] : Springer Science + Business Media B.V., 1985  |g 20(2004), 1, Seite 27-35  |h Online-Ressource  |w (DE-627)320578003  |w (DE-600)2017241-2  |w (DE-576)104082321  |x 1573-7799  |7 nnas 
773 1 8 |g volume:20  |g year:2004  |g number:1  |g pages:27-35 
787 0 8 |i Kommentar zu  |a Doherty, Elaine Eggleston  |t Methodological Sensitivities to Latent Class Analysis of Long-Term Criminal Trajectories  |d 2004  |w (DE-627)1764280520 
856 4 0 |u https://doi.org/10.1023/B:JOQC.0000016697.85827.22  |x Resolving-System  |z lizenzpflichtig  |3 Volltext  |7 1 
856 4 0 |u http://link.springer.com/openurl/pdf?id=doi:10.1023/B:JOQC.0000016697.85827.22  |x Verlag  |z lizenzpflichtig  |3 Volltext  |7 1 
883 |8 1\p  |a cgwrk  |d 20241001  |q DE-101  |u https://d-nb.info/provenance/plan#cgwrk 
935 |a mkri 
951 |a AR 
ELC |a 1 
LOK |0 000 xxxxxcx a22 zn 4500 
LOK |0 001 3957453488 
LOK |0 003 DE-627 
LOK |0 004 1764279506 
LOK |0 005 20210725061651 
LOK |0 008 210725||||||||||||||||ger||||||| 
LOK |0 035   |a (DE-2619)KrimDok#2021-07-24#23DDBEA12D6E122FD28DEEBE6EC6E4F74489A0D2 
LOK |0 040   |a DE-2619  |c DE-627  |d DE-2619 
LOK |0 092   |o n 
LOK |0 852   |a DE-2619 
LOK |0 852 1  |9 00 
LOK |0 935   |a zota 
LOK |0 939   |a 2021-07-25  |b l01 
ORI |a WA-MARC-krimdoka001.raw